[Event "chess.com SpeedChess 2022"]
[Site "chess.com INT"]
[Date "2022.12.18"]
[Round "4.22"]
[White "Nakamura,Hi"]
[Black "Carlsen,M"]
[Result "1/2-1/2"]
[WhiteElo "2768"]
[BlackElo "2859"]

1.e4 e5 2.Nf3 Nc6 3.Bb5 a6 4.Ba4 Nf6 5.O-O Be7 6.Re1 b5 7.Bb3 O-O 8.c3 d5
9.exd5 Nxd5 10.Nxe5 Nxe5 11.Rxe5 c6 12.d3 Bd6 13.Re1 Bf5 14.Qf3 Qh4 15.g3 Qh3
16.Nd2 Rae8 17.Ne4 Bg4 18.Qg2 Qxg2+ 19.Kxg2 f5 20.Bf4 Bxf4 21.gxf4 fxe4 22.dxe4 Bf3+
23.Kxf3 Rxf4+ 24.Kg3 Rfxe4 25.Rxe4 Rxe4 26.Rc1 Kf8 27.c4 Ne7 28.cxb5 axb5
29.Kf3 Rh4 30.Rd1 Nf5 31.Bc2 Nd4+ 32.Kg3 g5 33.Bxh7 Ne2+ 34.Kf3 Nd4+ 35.Kg2 Rg4+
36.Kh1 Rh4 37.Bd3 Ke7 38.Re1+ Kf6 39.Re3 c5 40.b3 Rh8 41.Kg2 Ra8 42.Bb1 c4
43.bxc4 bxc4 44.Re4 Rd8 45.Re3 Rc8 46.Rc3 Ne2 47.Rc2 Nf4+ 48.Kf3 Ke5 49.a4 Nd3
50.Kg4 c3 51.a5 Kd4 52.Re2 Ra8 53.f3 Ne5+ 54.Kxg5 Nxf3+ 55.Kf4 Nd2 56.Bg6 Rxa5
57.h4 Ra1 58.h5 Rf1+ 59.Kg4 Rg1+ 60.Kf4 Rf1+ 61.Kg4 Rg1+ 62.Kf4 Rf1+  1/2-1/2

[Event "chess.com SpeedChess 2022"]
[Site "chess.com INT"]
[Date "2022.12.18"]
[Round "4.12"]
[White "Carlsen,M"]
[Black "Nakamura,Hi"]
[Result "1/2-1/2"]
[WhiteElo "2859"]
[BlackElo "2768"]

1.d4 Nf6 2.c4 g6 3.Nc3 Bg7 4.e4 d6 5.Nf3 O-O 6.Bd3 Bg4 7.Be2 e5 8.d5 a5 9.Be3 Na6
10.Nd2 Bxe2 11.Qxe2 Nd7 12.g4 Ndc5 13.O-O-O Qd7 14.h4 Na4 15.Ndb1 h6 16.Nxa4 Qxa4
17.Nc3 Qd7 18.h5 g5 19.Kd2 c5 20.Ke1 Rfb8 21.Kf1 a4 22.Rb1 Nc7 23.b4 b6 24.Kg2 Na6
25.a3 Bf6 26.Kg3 Bd8 27.Qc2 cxb4 28.axb4 Rc8 29.b5 Nc5 30.Bxc5 Rxc5 31.Nxa4 Rcc8
32.Rb4 Ra5 33.Nc3 Qe7 34.Rhb1 Qf6 35.Qd2 Ra3 36.Kg2 Rca8 37.R4b3 R3a5 38.Ne2 Be7
39.Ng3 Bf8 40.Nf5 Qd8 41.Qe3 Qc7 42.Rc3 Ra4 43.Qd3 Qd7 44.Ne3 Qc7 45.Rbb3 Qc5
46.Nf5 Ra1 47.Qe3 Qc7 48.Rc1 R1a4 49.Qd3 Ra2 50.Rbc3 R2a4 51.R3c2 Qc5 52.Qe3 Qc7
53.Rc3 Ra2 54.R3c2 R2a4 55.Qd3 Ra3 56.Rc3 R3a4 57.R1c2 Qc5 58.Rb3 Ra1 59.Qe3 Qc7
60.Rcc3 R1a4 61.Ra3 Rxa3 62.Rxa3 Rxa3 63.Qxa3 Qxc4 64.f3 Qe2+ 65.Kg3 Qe1+
66.Kg2 Qe2+ 67.Kg3 Qe1+ 68.Kg2 Qe2+  1/2-1/2

[Event "chess.com SpeedChess 2022"]
[Site "chess.com INT"]
[Date "2022.12.18"]
[Round "4.19"]
[White "Nakamura,Hi"]
[Black "Carlsen,M"]
[Result "1/2-1/2"]
[WhiteElo "2768"]
[BlackElo "2859"]

1.e4 c5 2.Nf3 d6 3.d4 cxd4 4.Nxd4 Nf6 5.Nc3 a6 6.Bg5 e6 7.f4 Be7 8.Qf3 Bd7
9.O-O-O Nc6 10.Bc4 h6 11.Bh4 Qb6 12.Bf2 Qc7 13.Bb3 Na5 14.Kb1 O-O-O 15.f5 Nxb3
16.cxb3 Kb8 17.Rc1 Qa5 18.b4 Qxb4 19.a3 Qc4 20.Nd5 exd5 21.Rxc4 dxc4 22.h3 Rhe8
23.Re1 Rc8 24.Ne2 Bc6 25.Nc3 Bd8 26.Bd4 Ba5 27.Bxf6 gxf6 28.Qf4 Re5 29.Qxh6 Bxc3
30.bxc3 Bxe4+ 31.Ka1 Rcc5 32.Qxf6 Rcd5 33.Qxf7 Ka7 34.f6 Rd2 35.Qc7 Rb5 36.Rxe4 Rd1+
37.Ka2 Rd2+ 38.Ka1 Rd1+ 39.Ka2 Rd2+ 40.Ka1  1/2-1/2

[Event "chess.com SpeedChess 2022"]
[Site "chess.com INT"]
[Date "2022.12.18"]
[Round "4.18"]
[White "Carlsen,M"]
[Black "Nakamura,Hi"]
[Result "0-1"]
[WhiteElo "2859"]
[BlackElo "2768"]

1.d4 Nf6 2.c4 e6 3.Nf3 d5 4.g3 Be7 5.Bg2 O-O 6.O-O dxc4 7.Qc2 a6 8.a4 Bd7
9.Qxc4 Bc6 10.Bg5 a5 11.Nc3 Nbd7 12.Rfd1 h6 13.Bxf6 Nxf6 14.Ne5 Bxg2 15.Kxg2 c6
16.e4 Bb4 17.Qe2 Qb6 18.Rac1 Rad8 19.Nf3 Rd7 20.Qc2 Bxc3 21.bxc3 c5 22.Rb1 Qc7
23.Qe2 Rfd8 24.Rb5 cxd4 25.cxd4 b6 26.Rdb1 Qb7 27.d5 exd5 28.Rxb6 Qa8 29.e5 Ne4
30.Ra6 Qc8 31.Rbb6 Nc5 32.Rxa5 d4 33.Qc4 Rc7 34.Qb4 Nd3 35.Qb5 Nf4+ 36.Kh1 Qh3  0-1

[Event "chess.com SpeedChess 2022"]
[Site "chess.com INT"]
[Date "2022.12.18"]
[Round "4.17"]
[White "Nakamura,Hi"]
[Black "Carlsen,M"]
[Result "1-0"]
[WhiteElo "2768"]
[BlackElo "2859"]

1.d4 Nf6 2.Nf3 g6 3.c4 Bg7 4.Nc3 O-O 5.e4 d6 6.Bd3 Nbd7 7.h3 a5 8.Bg5 h6
9.Be3 e5 10.d5 Nc5 11.Bc2 Nh5 12.g3 Bd7 13.Qd2 Kh7 14.O-O-O a4 15.Kb1 Qf6
16.Qe2 Qe7 17.Nh4 Rfb8 18.Nf5 Qe8 19.Nxg7 Nxg7 20.f4 b5 21.Bxc5 dxc5 22.d6 cxd6
23.Nd5 Qd8 24.fxe5 Ne8 25.exd6 bxc4 26.Qxc4 Be6 27.Qxc5 Nxd6 28.e5 Rb5 29.Nf6+ Kg7
30.Qxd6 Qxd6 31.Rxd6 Rab8 32.Rxe6 Rxb2+ 33.Kc1 fxe6 34.Rd1  1-0

[Event "chess.com SpeedChess 2022"]
[Site "chess.com INT"]
[Date "2022.12.18"]
[Round "4.16"]
[White "Carlsen,M"]
[Black "Nakamura,Hi"]
[Result "1/2-1/2"]
[WhiteElo "2859"]
[BlackElo "2768"]

1.e4 e5 2.Nf3 Nc6 3.Bb5 Nf6 4.O-O Nxe4 5.Re1 Nd6 6.a4 Be7 7.Nc3 O-O 8.d4 e4
9.Nxe4 Nxe4 10.Rxe4 d5 11.Re1 Bg4 12.c3 Bd6 13.h3 Bf5 14.a5 a6 15.Bd3 Qd7
16.Bxf5 Qxf5 17.Nh4 Qd7 18.Qf3 Rfe8 19.Bd2 Rxe1+ 20.Rxe1 g6 21.g3 Bf8 22.b4 Ne7
23.Bg5 c6 24.Kg2 Nc8 25.Qf4 Nd6 26.Nf3 Re8 27.Rxe8 Qxe8 28.Bh6 Qe4 29.Qf6 Ne8
30.Qf4 Nd6 31.Qf6 Ne8 32.Qf4 Nd6  1/2-1/2

[Event "chess.com SpeedChess 2022"]
[Site "chess.com INT"]
[Date "2022.12.18"]
[Round "4.14"]
[White "Carlsen,M"]
[Black "Nakamura,Hi"]
[Result "1/2-1/2"]
[WhiteElo "2859"]
[BlackElo "2768"]

1.d4 Nf6 2.c4 e6 3.Nf3 d5 4.g3 Be7 5.Bg2 O-O 6.O-O dxc4 7.Qc2 a6 8.a4 Bd7
9.Qxc4 Bc6 10.Bg5 a5 11.Nc3 Nbd7 12.Rfd1 h6 13.Bxf6 Nxf6 14.Ne5 Bxg2 15.Kxg2 c6
16.e4 Bb4 17.Qe2 Qb6 18.Rac1 Rad8 19.Nf3 Rd7 20.Qc2 Bxc3 21.bxc3 c5 22.Ne5 Rdd8
23.Nc4 Qa6 24.Ne3 cxd4 25.cxd4 Rd7 26.d5 Rfd8 27.Qb1 exd5 28.exd5 g6 29.Qb2 Rd6
30.Rc5 Qa7 31.Rdc1 b6 32.Rc6 Qa8 33.Qxb6 Nxd5 34.Nxd5 Rxd5 35.h4 h5 36.Kh2 Kh7
37.Rf6 R8d7 38.Qb3 Qd8 39.Qf3 Kg7 40.Rf4 Rd3 41.Qe2 Qe7 42.Qxe7 Rxe7 43.Rc5 Ra7
44.Kg2 Ra3 45.Rb5 Ra2 46.Rc5 Ra3 47.Rb5 Ra2 48.Rc5 Ra3  1/2-1/2

[Event "chess.com SpeedChess 2022"]
[Site "chess.com INT"]
[Date "2022.12.18"]
[Round "4.13"]
[White "Nakamura,Hi"]
[Black "Carlsen,M"]
[Result "1-0"]
[WhiteElo "2768"]
[BlackElo "2859"]

1.Nf3 d5 2.d4 Nf6 3.c4 dxc4 4.e3 e6 5.Bxc4 a6 6.O-O c5 7.b3 Nbd7 8.Bb2 Be7
9.a4 O-O 10.Nc3 cxd4 11.Nxd4 Ne5 12.Be2 Bd7 13.Nf3 Ng6 14.Qb1 Qa5 15.Nd2 Bc6
16.Bf3 Bxf3 17.Nxf3 Rac8 18.Ne2 Rfd8 19.Rd1 Rxd1+ 20.Qxd1 Qd5 21.Bxf6 Qxd1+
22.Rxd1 Bxf6 23.Rd7 Rb8 24.g4 Kf8 25.Kg2 Ke8 26.Rc7 Ne7 27.g5 Nd5 28.Rc4 Bd8
29.Ng3 Nb6 30.Rc2 Rc8 31.Rxc8 Nxc8 32.h4 f6 33.Nh5 Kf7 34.gxf6 gxf6 35.Nf4 Nd6
36.Nd3 e5 37.Nd2 h5 38.e4 Ke6 39.Nc5+ Ke7 40.Nd3 Ke6 41.Nc5+ Kf7 42.Nc4 Nxc4
43.bxc4 Ke7 44.Nxb7 Bb6 45.c5 Bc7 46.c6 Bb6 47.f3 Ke6 48.Kf1  1-0

[Event "World Rapid 2022"]
[Site "Almaty KAZ"]
[Date "2022.12.26"]
[Round "1.3"]
[White "Tabatabaei,M"]
[Black "Nakamura,Hi"]
[Result "1/2-1/2"]
[WhiteElo "2660"]
[BlackElo "2768"]

1.d4 Nf6 2.c4 e6 3.Nc3 Bb4 4.e3 O-O 5.Bd3 c5 6.Ne2 d5 7.cxd5 cxd4 8.exd4 Nxd5
9.O-O Nc6 10.a3 Bd6 11.Re1 Qh4 12.g3 Qh5 13.Nxd5 exd5 14.Bf4 Be7 15.Qb3 h6
16.Be5 Nxe5 17.dxe5 Qxe5 18.Nf4 Qd6 19.Rad1 Be6 20.Bb1 g6 21.Bxg6 Bg5 22.Nxe6 fxe6
23.h4 Be7 24.Qe3 Kg7 25.Qxe6 Qxe6 26.Rxe6 Bf6 27.h5 Rfd8 28.Rd3 Rac8 29.Rf3 Rf8
30.Rd6 Bxb2 31.Rd7+ Kh8 32.Rxf8+ Rxf8 33.Rxb7 Bxa3 34.Rxa7 Bc5 35.Ra2 Kg7
36.Kg2 Bb6 37.f4 Rc8 38.Kf3 Rc3+ 39.Kg4 Bg1 40.Rg2 Be3 41.Kf5 d4 42.Ke4 Kf6
43.Ra2 Bc1 44.Ra6+ Kg7 45.Ra7+ Kg8 46.g4 d3 47.Rd7 d2 48.g5 Rc4+ 49.Ke5 Bb2+
50.Ke6 Rd4 51.Rxd4 Bxd4 52.Bc2 Kg7 53.Kf5 Bb6 54.Ke4  1/2-1/2

[Event "World Rapid 2022"]
[Site "Almaty KAZ"]
[Date "2022.12.26"]
[Round "2.34"]
[White "Nakamura,Hi"]
[Black "Kovalev,Vl"]
[Result "1/2-1/2"]
[WhiteElo "2768"]
[BlackElo "2623"]

1.e4 e5 2.Nf3 Nc6 3.Bb5 a6 4.Ba4 Nf6 5.O-O Be7 6.Re1 b5 7.Bb3 d6 8.a3 O-O
9.d3 Nb8 10.c4 c5 11.Nc3 bxc4 12.Bxc4 Nc6 13.Bg5 h6 14.Bxf6 Bxf6 15.Nd5 Rb8
16.Qa4 Na5 17.Nxf6+ gxf6 18.Bd5 Rxb2 19.Qd1 Kh7 20.Nh4 f5 21.Qc1 Rb8 22.Nxf5 Bxf5
23.exf5 Nb3 24.Bxb3 Rxb3 25.Qc4 Rb5 26.a4 Rb4 27.Qxa6 Qd7 28.Reb1 Rfb8 29.Rxb4 cxb4
30.Qc4 Qxf5 31.a5 b3 32.Rb1 b2 33.Qc2 Qc8 34.Qd2 Qb7  1/2-1/2

[Event "World Rapid 2022"]
[Site "Almaty KAZ"]
[Date "2022.12.26"]
[Round "3.31"]
[White "Petrov,N"]
[Black "Nakamura,Hi"]
[Result "0-1"]
[WhiteElo "2537"]
[BlackElo "2768"]

1.d4 Nf6 2.c4 e6 3.Nc3 Bb4 4.e3 O-O 5.Bd3 d5 6.a3 Bxc3+ 7.bxc3 dxc4 8.Bxc4 c5
9.Ne2 Qc7 10.Bd3 Nc6 11.O-O e5 12.Ng3 Be6 13.f4 exd4 14.cxd4 Rad8 15.h3 Rfe8
16.Rb1 Bd5 17.Nh5 Nxh5 18.Qxh5 g6 19.Qg5 Qe7 20.Qxe7 Rxe7 21.f5 Rdd7 22.Rf4 g5
23.Rg4 f6 24.Rb5 h5 25.Rg3 b6 26.h4 g4 27.dxc5 Ne5 28.e4 Bc6 29.Rb3 bxc5
30.Bc2 Kg7 31.Rbc3 c4 32.Bf4 Rd4 33.Be3 Rd8 34.Bf4 Bb5 35.Kf2 Nd3+ 36.Bxd3 cxd3
37.Bd2 Rxe4 38.Rc7+ Kg8 39.Re3 Rxe3 40.Kxe3 Re8+ 41.Kf4 Re2 42.Bb4 Rxg2 43.Rxa7 Rf2+
44.Ke4 d2 45.Ra8+ Kf7 46.Rf8+ Kg7 47.Rd8 g3 48.Bc5 Bc6+ 49.Ke3 Rxf5 50.Bb6 g2
51.Kxd2 Rb5 52.Be3 Rb2+ 53.Kc3 Rb1 54.Rc8 g1=Q 55.Kd4  0-1

[Event "World Rapid 2022"]
[Site "Almaty KAZ"]
[Date "2022.12.26"]
[Round "4.11"]
[White "Nakamura,Hi"]
[Black "Amin,B"]
[Result "1-0"]
[WhiteElo "2768"]
[BlackElo "2682"]

1.d4 Nf6 2.c4 g6 3.Nc3 Bg7 4.e4 d6 5.Nf3 O-O 6.Bd3 e5 7.d5 a5 8.h3 Nh5 9.g3 Na6
10.Be3 Qe8 11.Nh4 Nc5 12.Bc2 Bd7 13.Qe2 f5 14.O-O-O f4 15.Bxc5 dxc5 16.g4 f3
17.Nxf3 Nf4 18.Qf1 h5 19.Rg1 a4 20.a3 Qc8 21.Nh2 Ra6 22.Kb1 Qd8 23.Rg3 hxg4
24.hxg4 Kf7 25.Nf3 Rh8 26.Qe1 g5 27.Qe3 Qe7 28.Nd2 Bf8 29.Nf1 Rh4 30.f3 Qf6
31.Qc1 Bd6 32.Ne3 Ra8 33.Rgg1 Rh3 34.Rdf1 Qh8 35.Rh1 Qh7 36.Qd1 Rh4 37.Nf5 Rh8
38.Nxh4 gxh4 39.Bxa4 Bc8 40.Rh2 Qh6 41.Rfh1 Qf6 42.Qf1 Be7 43.Nd1 Qa6 44.Bc2 Bg5
45.Qf2 Qxc4 46.Rxh4 Bxh4 47.Rxh4 Rxh4 48.Qxh4 Ne2 49.Qh5+ Ke7 50.Qxe5+ Kd8
51.Qh8+ Kd7 52.e5 Qxd5 53.Bf5+ Ke7 54.Qg7+ Ke8 55.Bg6+  1-0

[Event "World Rapid 2022"]
[Site "Almaty KAZ"]
[Date "2022.12.26"]
[Round "5.6"]
[White "Donchenko,Alexa"]
[Black "Nakamura,Hi"]
[Result "1/2-1/2"]
[WhiteElo "2636"]
[BlackElo "2768"]

1.c4 Nf6 2.Nc3 e5 3.Nf3 Nc6 4.e4 Bb4 5.d3 d6 6.a3 Bc5 7.b4 Bb6 8.Na4 Bd4
9.Rb1 Bg4 10.Be2 Bxf3 11.Bxf3 a6 12.Qd2 Ba7 13.O-O Nd4 14.Bd1 b5 15.Nc3 O-O
16.Kh1 c5 17.Qe1 cxb4 18.axb4 Nd7 19.cxb5 axb5 20.f4 exf4 21.Bxf4 Ne5 22.Qg3 f5
23.Bh5 Kh8 24.Nd5 fxe4 25.dxe4 Ndc6 26.Be2 Nd4 27.Bh5 Ndc6 28.Qh3 Qc8 29.Bxe5 Nxe5
30.Qxc8 Rfxc8 31.Be2 Rab8 32.Rbc1 h5 33.Bxh5 Nd3 34.Rxc8+ Rxc8 35.h3 Nf2+
36.Kh2 g5 37.Bf3 Bd4 38.Ne7 Rc4 39.Be2 Rc7 40.Nf5 Be5+ 41.Kg1 Nxe4 42.Bxb5 Rb7
43.Bc6 Rxb4 44.Bxe4 Rxe4 45.Rd1 g4 46.hxg4 Rxg4 47.Nxd6 Bxd6 48.Rxd6  1/2-1/2

[Event "World Rapid 2022"]
[Site "Almaty KAZ"]
[Date "2022.12.27"]
[Round "6.9"]
[White "Nakamura,Hi"]
[Black "Predke,A"]
[Result "1/2-1/2"]
[WhiteElo "2768"]
[BlackElo "2684"]

1.e4 c5 2.Nf3 e6 3.g3 Nc6 4.Bg2 Nf6 5.Nc3 d6 6.d4 cxd4 7.Nxd4 Nxd4 8.Qxd4 Be7
9.O-O e5 10.Qd3 O-O 11.Nd1 Be6 12.Ne3 a6 13.b3 b5 14.Bb2 Qc7 15.h3 Rfd8 16.Rad1 Rac8
17.f4 h6 18.Qe2 Qc5 19.Kh2 Re8 20.Rd3 b4 21.Rfd1 a5 22.c4 bxc3 23.Rxc3 Qb4
24.Rxc8 Rxc8 25.fxe5 dxe5 26.Bxe5 a4 27.Nd5 Bxd5 28.exd5 axb3 29.d6 Rc2 30.Qf3 Qa5
31.Qxb3 Re2 32.Bxf6 Bxf6 33.d7 Qa8 34.Qd5 Qxd5 35.Rxd5 Bd8 36.a4 Kf8 37.Kg1 Bb6+
38.Kh2 Ke7 39.h4 Ra2 40.Rb5 Bc7 41.Rb4 Kxd7 42.h5 Ra3 43.Rg4 Be5 44.Bh3 Kd6
45.Kg2 Ra2+ 46.Kh1 Ra1+ 47.Kg2 Ra2+ 48.Kh1 Ra1+  1/2-1/2

[Event "World Rapid 2022"]
[Site "Almaty KAZ"]
[Date "2022.12.27"]
[Round "7.10"]
[White "Savchenko,B"]
[Black "Nakamura,Hi"]
[Result "1/2-1/2"]
[WhiteElo "2552"]
[BlackElo "2768"]

1.Nf3 d5 2.g3 c5 3.Bg2 Nf6 4.O-O g6 5.d4 cxd4 6.Nxd4 Bg7 7.Nb3 Nc6 8.Nc3 e6
9.a4 O-O 10.a5 Nd7 11.e4 d4 12.Nb5 e5 13.c3 a6 14.Nd6 Qe7 15.Nxc8 Raxc8 16.cxd4 Nxd4
17.Nxd4 exd4 18.f4 Qb4 19.Qa4 Qxa4 20.Rxa4 Rc2 21.e5 Rfc8 22.Rxd4 Nxe5 23.fxe5 Rxc1
24.Bxb7 Bxe5 25.Rd2 R8c2 26.Rxc2 Rxc2 27.b4 Rb2 28.Bd5 Rxb4 29.Rxf7 Kh8 30.Bb7 Rb1+
31.Kg2 Rb2+ 32.Kh1 Rb5 33.Bxa6 Rxa5 34.Ra7 Ra1+ 35.Kg2 Ra2+ 36.Kh3 h5 37.Ra8+ Kg7
38.Rg8+ Kh7 39.Re8 Bd4 40.Bc4 Rc2 41.Bd3 Rd2 42.Be2 Kg7 43.Rd8 Kf6 44.Bf3 Be3
45.Rxd2 Bxd2 46.Bxh5 gxh5 47.g4 hxg4+ 48.Kxg4 Be1 49.h4 Bxh4 50.Kxh4  1/2-1/2

[Event "World Rapid 2022"]
[Site "Almaty KAZ"]
[Date "2022.12.27"]
[Round "8.9"]
[White "Nakamura,Hi"]
[Black "Murzin,Volodar"]
[Result "1/2-1/2"]
[WhiteElo "2768"]
[BlackElo "2561"]

1.e4 c6 2.Nc3 d5 3.Nf3 Bg4 4.h3 Bxf3 5.Qxf3 Nf6 6.d3 e6 7.Be2 Bd6 8.O-O Nbd7
9.d4 dxe4 10.Nxe4 Nxe4 11.Qxe4 Nf6 12.Qf3 O-O 13.c3 a5 14.a4 Nd5 15.g3 Qf6
16.Re1 Rfe8 17.Qxf6 Nxf6 18.Bc4 Kf8 19.Kg2 Re7 20.Be3 Nd5 21.Bg5 Rd7 22.Rad1 Be7
23.Bc1 Rad8 24.Bb3 Bf6 25.Bc2 h6 26.f4 g6 27.Kf3 b5 28.f5 gxf5 29.Bxh6+ Kg8
30.Rg1 b4 31.Rd3 bxc3 32.bxc3 Rb8 33.g4 f4 34.Bxf4 Nxf4 35.Kxf4 Kg7 36.g5 Be7
37.Rgd1 Rb2 38.R1d2 c5 39.h4 cxd4 40.Rxd4 Rc7 41.Be4 Rxd2 42.Rxd2 f6 43.c4 Rxc4
44.Rd7 Kf8 45.gxf6 Bxf6 46.h5 Rc5 47.Bg6 Bg5+ 48.Ke4 Rc4+ 49.Ke5 Rxa4 50.Kxe6 Rf4
51.Bf5 a4 52.Ra7 Rh4 53.Bh7 Rxh5 54.Rf7+ Ke8 55.Bg6 Rh6 56.Kf5 Be3 57.Rh7+ Kd8
58.Rxh6 Bxh6 59.Bf7 a3  1/2-1/2

[Event "World Rapid 2022"]
[Site "Almaty KAZ"]
[Date "2022.12.27"]
[Round "9.15"]
[White "Sargsyan,Shant"]
[Black "Nakamura,Hi"]
[Result "1/2-1/2"]
[WhiteElo "2645"]
[BlackElo "2768"]

1.d4 Nf6 2.c4 e6 3.Nf3 d5 4.g3 Bb4+ 5.Bd2 Bd6 6.Nc3 O-O 7.Bg5 c6 8.Bg2 Nbd7
9.O-O h6 10.Bxf6 Nxf6 11.Nd2 b6 12.e4 Be7 13.cxd5 cxd5 14.exd5 exd5 15.Re1 Be6
16.Nf1 Rc8 17.Qd3 Bb4 18.Rec1 Qd7 19.Ne3 Bxc3 20.Rxc3 Rxc3 21.Qxc3 Rc8 22.Qb3 h5
23.h4 g6 24.Re1 Kg7 25.Bf3 b5 26.Qb4 Qc6 27.Qa5 a6 28.Re2 Qc1+ 29.Qe1 Bg4
30.Bxg4 Nxg4 31.Qxc1 Rxc1+ 32.Kg2 Nxe3+ 33.Rxe3 a5 34.Re5 Rc2 35.b4 axb4
36.Rxd5 Rxa2 37.Rxb5 Rb2 38.Rb6 b3 39.d5 Kf8 40.Rb7 Ke8 41.d6 Rb1 42.Re7+ Kf8
43.Rb7 Ke8 44.Re7+ Kf8  1/2-1/2

[Event "World Rapid 2022"]
[Site "Almaty KAZ"]
[Date "2022.12.28"]
[Round "10.16"]
[White "Nakamura,Hi"]
[Black "Indjic,A"]
[Result "1/2-1/2"]
[WhiteElo "2768"]
[BlackElo "2636"]

1.d4 Nf6 2.c4 e6 3.Nc3 Bb4 4.e3 O-O 5.Bd2 b6 6.Nf3 Bb7 7.Bd3 d6 8.O-O Nbd7
9.a3 Bxc3 10.Bxc3 Ne4 11.Bxe4 Bxe4 12.Nd2 Bd3 13.Re1 d5 14.b3 a5 15.Rc1 c6
16.Bb2 Rc8 17.e4 Bxe4 18.Nxe4 dxe4 19.Rxe4 Nf6 20.Re3 b5 21.a4 bxc4 22.bxc4 Rb8
23.Bc3 Ra8 24.Qc2 Qd6 25.h3 Rfd8 26.Re5 Qc7 27.Rce1 h6 28.Qd2 Qb6 29.R1e3 Qb1+
30.Kh2 Kh7 31.Qe2 Rdb8 32.Rc5 Rc8 33.Qf3 Qb8+ 34.g3 Qb6 35.Re1 Kg8 36.Kg2 Nd7
37.Rh5 Qb3 38.Qd3 Nb6 39.Rb1 Qxc4 40.Qxc4 Nxc4 41.Rc5 Nd6 42.Kf3 Nf5 43.Ke4 Ne7
44.Ra1 Nd5 45.Bd2 Rab8 46.Kf3 Rb3+ 47.Kg2 Rd3 48.Bxa5 Rxd4 49.Be1 Ra8 50.a5 Ra6
51.Rac1 Ne7 52.Rb1 Rd7 53.Rb8+ Kh7 54.h4 f6 55.Rc1 h5 56.Rcb1 Nd5 57.Rc1 Kg6
58.Kf3 Kf5 59.Ke2 e5 60.f3 e4 61.fxe4+ Kxe4 62.Rc4+ Kf5 63.Kf3 Kg6 64.Rb1 Ne7
65.Rb6 Ra8 66.Rb1 Rd3+ 67.Kg2 Ra7 68.Ra1 Ra6 69.Rac1 Rb3 70.Rc5 Ra7 71.R5c2 Ra6
72.Kh2 Rb5 73.Rc4 Kf7 74.R1c2 Ra7 75.Rd4 Kg6 76.Re4 Kf7 77.Rec4 Rb1 78.Bd2 Kg6
79.Ra2 Ra6 80.Rac2 Nf5 81.Ra2 Rb3 82.Rc3 Rxc3 83.Bxc3 Ne3 84.Rb2 Nd5 85.Be1 Kf5
86.Kg2 Ke4 87.Kf2 Ra7 88.Rc2 Ra6 89.Ke2 Ne7 90.Rb2 Nf5 91.Rb7 c5 92.Kd1 g5
93.Rh7 Kd3 94.hxg5 fxg5 95.Rxh5 Ne3+ 96.Kc1 Nc2 97.Bf2 Rf6 98.Bxc5 Kc3 99.Rh1 Rf5
100.Bb6 Rb5 101.g4 Nb4 102.Kd1 Nc6 103.Rh3+ Kb4 104.Ke2 Nxa5 105.Bd8 Re5+
106.Kf3 Nc4 107.Rh5 Nd2+ 108.Kf2 Kc4 109.Bxg5 Rxg5 110.Rxg5 Ne4+ 111.Ke3 Nxg5
112.Kf4 Nf7 113.g5 Nxg5 114.Kxg5  1/2-1/2

[Event "World Rapid 2022"]
[Site "Almaty KAZ"]
[Date "2022.12.28"]
[Round "11.17"]
[White "Suleymanli,Aydin"]
[Black "Nakamura,Hi"]
[Result "1/2-1/2"]
[WhiteElo "2543"]
[BlackElo "2768"]

1.d4 g6 2.c4 Bg7 3.Nc3 d6 4.e4 Nf6 5.h3 c6 6.Nf3 a6 7.a4 a5 8.Be3 Na6 9.Be2 O-O
10.Nd2 Nd7 11.O-O e5 12.d5 Ndc5 13.Nb3 Nxb3 14.Qxb3 c5 15.Nb5 f5 16.exf5 gxf5
17.f4 e4 18.Bd2 Rf6 19.Kh2 Bd7 20.Ra3 Rg6 21.Bc3 Bxb5 22.axb5 Nb4 23.Bh5 Rh6
24.Bxg7 Kxg7 25.Qg3+ Kh8 26.Bf7 Nc2 27.Qg5 Rf6 28.Rc3 Nd4 29.Bh5 b6 30.Re1 Ra7
31.Rg3 a4 32.Ra1 Rf8 33.Qxd8 Rxd8 34.Bd1 Rda8 35.Rga3 Kg7 36.Kg1 Kf6 37.Kf2 Re7
38.Re3 Rea7 39.Rea3 Rg8 40.Re3 h5 41.h4 Rga8 42.Rea3 Re7 43.Re3 Rea7 44.Rea3 Re7
45.Re3  1/2-1/2

[Event "World Rapid 2022"]
[Site "Almaty KAZ"]
[Date "2022.12.28"]
[Round "12.16"]
[White "Nakamura,Hi"]
[Black "Quparadze,G"]
[Result "1/2-1/2"]
[WhiteElo "2768"]
[BlackElo "2470"]

1.d4 Nf6 2.Bg5 d5 3.e3 Nbd7 4.c4 e6 5.cxd5 exd5 6.Nc3 c6 7.Bd3 Be7 8.Nf3 Nf8
9.Qc2 h6 10.Bh4 Be6 11.Rb1 a5 12.a3 N8d7 13.O-O O-O 14.Na4 Nh5 15.Bxe7 Qxe7
16.Nc5 Nxc5 17.dxc5 a4 18.Qc3 Nf6 19.Nd4 Ng4 20.Be2 Nf6 21.f3 Rfe8 22.Rfe1 Nd7
23.Rbc1 Qd8 24.Qb4 Ra7 25.Rc3 Qa5 26.Bf1 Nf6 27.Bd3 Bc8 28.Bc2 Ra8 29.Re2 Bd7
30.g4 Reb8 31.h4 Qxb4 32.axb4 b6 33.g5 bxc5 34.Rxc5 hxg5 35.hxg5 Nh7 36.f4 Rxb4
37.Bf5 Be8 38.Nxc6 Bxc6 39.Rxc6 Nf8 40.Rd6 g6 41.Bh3 Rab8 42.Rxd5 Rxb2 43.Rxb2 Rxb2
44.Ra5 Re2 45.Rxa4 Rxe3 46.Bc8 Rc3 47.Bb7 Rc7 48.Bd5 Kg7 49.Kf2 Rd7 50.Ra5 Nh7
51.Be4 Nf8 52.Bd5 Nh7 53.Kf3 f6 54.Be4 fxg5 55.fxg5 Rf7+ 56.Kg4 Re7 57.Bc2 Rc7
58.Be4 Re7 59.Bc2 Rc7 60.Be4 Re7  1/2-1/2

[Event "World Blitz 2022"]
[Site "Almaty KAZ"]
[Date "2022.12.29"]
[Round "1.2"]
[White "Yakubboev,Nodirbek"]
[Black "Nakamura,Hi"]
[Result "0-1"]
[WhiteElo "2647"]
[BlackElo "2768"]

1.d4 f5 2.c4 Nf6 3.Nc3 g6 4.h4 d6 5.h5 Nxh5 6.Rxh5 gxh5 7.e4 Bg7 8.Qxh5+ Kf8
9.Nf3 Qe8 10.Qh4 Nc6 11.Be3 Qg6 12.e5 dxe5 13.dxe5 Be6 14.O-O-O Nxe5 15.Nxe5 Bxe5
16.Nd5 Bxd5 17.Rxd5 Bf6 18.Qf4 Qg4 19.Qxc7 Kf7 20.Rd2 b5 21.Be2  0-1

[Event "World Blitz 2022"]
[Site "Almaty KAZ"]
[Date "2022.12.29"]
[Round "2.2"]
[White "Nakamura,Hi"]
[Black "Yudin,S"]
[Result "1-0"]
[WhiteElo "2768"]
[BlackElo "2469"]

1.e4 d6 2.d4 Nf6 3.Nc3 e5 4.Nf3 Nbd7 5.Bc4 Be7 6.O-O O-O 7.a4 c6 8.Re1 exd4
9.Nxd4 Ne5 10.Ba2 Re8 11.h3 Ng6 12.Qf3 Bd7 13.Nf5 Bxf5 14.Qxf5 Qd7 15.Qf3 Ne5
16.Qd1 h6 17.Be3 Bf8 18.f4 Ng6 19.Qf3 Qc7 20.Bd4 Rad8 21.Rad1 a6 22.Kh1 b5
23.Bxf6 gxf6 24.Ne2 Kh8 25.axb5 axb5 26.c3 Rd7 27.Rf1 Rde7 28.Ng3 Qa5 29.Bb1 b4
30.Rxd6 bxc3 31.bxc3 Rb7 32.Rxc6 Rb2 33.e5 Nh4 34.Qd3 f5 35.Nxf5  1-0

[Event "World Blitz 2022"]
[Site "Almaty KAZ"]
[Date "2022.12.29"]
[Round "3.2"]
[White "Andriasian,Z"]
[Black "Nakamura,Hi"]
[Result "0-1"]
[WhiteElo "2580"]
[BlackElo "2768"]

1.e4 e5 2.Nf3 Nc6 3.Bc4 Nf6 4.d3 Bc5 5.Nbd2 d6 6.c3 a6 7.Bb3 Ba7 8.h3 O-O
9.O-O h6 10.Re1 Be6 11.Bc2 Re8 12.Nf1 d5 13.exd5 Bxd5 14.Ng3 Qd6 15.Nh4 Qd7
16.Qe2 Rad8 17.Ne4 Nxe4 18.dxe4 Be6 19.Nf5 f6 20.Qg4 Kh7 21.Qh4 Qf7 22.Be3 Bxe3
23.Rxe3 Rd2 24.Bb3 Bxb3 25.axb3 Ne7 26.c4 Nxf5 27.exf5 Red8 28.Rb1 R8d4 29.Qg3 Qh5
30.Rf3 c5 31.Kh2 a5 32.Ra1 b6 33.b4 axb4 34.Ra7 Qg5 35.b3 Rd7 36.Ra6 R2d6
37.h4 Qxg3+ 38.Rxg3 h5 39.Rg6 Rb7 40.Rg3 Rd4 41.Rh3 Rf4 42.Rd3 Rxf2 43.Rd6 Rb2
44.Ra8 Rf2 45.Kh3 Rxf5 46.Kg3 Rf1 47.Rdd8 Kg6  0-1

[Event "World Blitz 2022"]
[Site "Almaty KAZ"]
[Date "2022.12.29"]
[Round "4.2"]
[White "Nakamura,Hi"]
[Black "Nihal,Sarin"]
[Result "1-0"]
[WhiteElo "2768"]
[BlackElo "2670"]

1.e4 e5 2.Bc4 Nf6 3.d3 Bc5 4.Nc3 d6 5.Na4 Bb6 6.Nxb6 axb6 7.Ne2 O-O 8.Nc3 Be6
9.O-O h6 10.h3 Nc6 11.Be3 d5 12.exd5 Nxd5 13.Bxd5 Bxd5 14.f4 exf4 15.Bxf4 Be6
16.Qd2 Nd4 17.Rae1 c6 18.a3 Kh7 19.Qf2 Nf5 20.Kh2 Qd4 21.Qf3 Qd7 22.a4 Rfe8
23.b3 Rad8 24.Re4 c5 25.Qf2 Nd4 26.Be5 Nc6 27.Bxg7 Kxg7 28.Qf6+ Kh7 29.Rh4 Qd6+
30.Kh1 Qf8 31.Ne4 Qg7 32.Qf4 Qg6 33.Nf6+ Kg7 34.Rf3 Rd4 35.Nxe8+ Kf8 36.Qxh6+ Qxh6
37.Rxh6 Kxe8 38.Rh8+ Ke7 39.Re3 Rf4 40.Kg1 Kf6 41.Re2 Nd4 42.Rd2 Bd5 43.Rh6+ Kg7
44.Rxb6 Bc6 45.a5 Rf6 46.c3 Nb5 47.Rf2 Rd6 48.Rf5 Nxc3 49.Rxc5 Ne2+ 50.Kh2 Rg6
51.Rcxc6 bxc6 52.a6 Rg5 53.b4 Nf4 54.g4 Re5 55.a7 Nd5 56.a8=Q Nxb6 57.Qxc6 Re6
58.Qc5 Nd7 59.Qd4+ Ne5 60.Kg3 f6 61.b5 Kf7 62.b6  1-0

[Event "World Blitz 2022"]
[Site "Almaty KAZ"]
[Date "2022.12.29"]
[Round "5.2"]
[White "Giri,A"]
[Black "Nakamura,Hi"]
[Result "1/2-1/2"]
[WhiteElo "2764"]
[BlackElo "2768"]

1.d4 Nf6 2.c4 e6 3.Nf3 d5 4.Nc3 Be7 5.Bf4 O-O 6.e3 Nbd7 7.a3 c5 8.cxd5 Nxd5
9.Nxd5 exd5 10.dxc5 Nxc5 11.Be5 Bf5 12.Be2 Bf6 13.O-O Be4 14.Bxf6 Qxf6 15.Nd4 Ne6
16.f3 Nxd4 17.Qxd4 Qxd4 18.exd4 Bc2  1/2-1/2

[Event "World Blitz 2022"]
[Site "Almaty KAZ"]
[Date "2022.12.29"]
[Round "7.2"]
[White "Yu Yangyi"]
[Black "Nakamura,Hi"]
[Result "0-1"]
[WhiteElo "2728"]
[BlackElo "2768"]

1.e4 g6 2.d4 Bg7 3.Nc3 a6 4.Nf3 d6 5.a4 Bg4 6.Be2 Nc6 7.d5 Bxf3 8.Bxf3 Nd4
9.Be3 Nxf3+ 10.Qxf3 Nf6 11.O-O O-O 12.Rfd1 Nd7 13.Bd4 e5 14.dxe6 fxe6 15.Qh3 Qe7
16.Bxg7 Kxg7 17.Ne2 Qf6 18.Qe3 Ne5 19.f3 g5 20.b3 a5 21.Rf1 Ng6 22.Rad1 Kh8
23.Rf2 Rf7 24.Rdf1 Raf8 25.g3 e5 26.Nc3 Ne7 27.Qd2 Qg7 28.Nd5 Nxd5 29.Qxd5 b6
30.Kg2 h5 31.Qd2 Qg6 32.Qe3 Rf6 33.Kh1 R8f7 34.Kg2 Kg7 35.Kg1 Qh6 36.Kg2 h4
37.g4 h3+ 38.Kg1 Rf4 39.c4 Qe6 40.Kh1 R7f6 41.Rg1 Qf7 42.Rgf1 Kf8 43.Kg1 Ke7
44.Qd3 Kd8 45.Qe3 Qe6 46.Qd3 Ke7 47.Qe3 Qd7 48.Qd3 Qc8 49.Qe3 Qe8 50.Qd3 Qc6
51.Qe3 Rf8 52.Qd3 Qc5 53.Qd5 Qe3 54.Qc6  0-1

[Event "World Blitz 2022"]
[Site "Almaty KAZ"]
[Date "2022.12.29"]
[Round "8.1"]
[White "Nakamura,Hi"]
[Black "Carlsen,M"]
[Result "1/2-1/2"]
[WhiteElo "2768"]
[BlackElo "2859"]

1.d4 Nf6 2.c4 e6 3.Nf3 d5 4.Nc3 c5 5.cxd5 cxd4 6.Qxd4 exd5 7.e4 dxe4 8.Qxd8+ Kxd8
9.Ng5 Be6 10.Nxe6+ fxe6 11.Bg5 Nc6 12.Nxe4 Bb4+ 13.Nd2 h6 14.Bxf6+ gxf6 15.O-O-O Ke7
16.Nb3 Rhd8 17.Be2 Na5 18.Nxa5 Bxa5 19.Rxd8 Rxd8 20.Rd1 Rxd1+ 21.Kxd1  1/2-1/2